| 000 | 01063nam a2200337 a 4500 | ||
|---|---|---|---|
| 999 |
_c48496 _d48496 |
||
| 001 | fxd00060742 | ||
| 005 | 20191021131328.0 | ||
| 008 | 880830s1987 nyua j b 00110 eng | ||
| 020 | _a053118126X (lib. bdg.) | ||
| 035 | _z 86072825 /AC | ||
| 035 | _a(OCoLC)17211361 | ||
| 039 |
_a114149 _cTLC |
||
| 100 | 1 | _aWharton, Anthony. | |
| 245 | 1 | 0 |
_aDiscovering ducks, geese, and swans / _cAnthony Wharton ; artwork by Jackie Harland. |
| 260 | 0 |
_aEast Sussex, England : _bWayland, _c1987. |
|
| 300 |
_a47 p. : _bcol. ill. ; _c22 cm. |
||
| 336 | _atext | ||
| 337 | _aunmediated | ||
| 338 | _avolume | ||
| 440 | 0 | _aDiscovering nature | |
| 500 | _aIncludes index. | ||
| 504 | _aBibliography: p. 45. | ||
| 520 | _aDiscusses the habits and behavior of ducks, geese, and swans, three birds who live, feed, and breed on or near the water. | ||
| 650 | 1 | _aDucks. | |
| 650 | 1 |
_aWater fowl _xJuvenila literature. |
|
| 650 | 1 | _aGeese. | |
| 650 | 1 | _aSwans. | |
| 700 | 1 | 1 |
_aHarland, Jackie, _eill. |
| 740 | 0 | 1 | _aDucks, geese, and swans. |
| 942 |
_2lcc _cBK |
||